[Event "BPB Limburg open A"]
[Site "Maastricht"]
[Date "2014.06.06"]
[Round "1"]
[White "Admiraal, Miguoel"]
[Black "Groffen, Hans"]
[Result "1-0"]
[WhiteElo "2339"]
[BlackElo "2190"]
[PlyCount "69"]
[EventDate "2014.06.06"]
[EventType "swiss"]
[EventRounds "7"]
[EventCountry "NED"]
[Source "P.Boonen"]
[SourceDate "2014.10.10"]

1. d4 f5 2. Nc3 Nf6 3. Bg5 d5 4. Bxf6 exf6 5. e3 Be6 6. Nge2 Nc6 7. Nf4 Qd7 8.
Qf3 O-O-O 9. Nxe6 Qxe6 10. O-O-O g6 11. h3 h5 12. g3 Bb4 13. Ne2 Qe4 14. Qxe4
fxe4 15. a3 Bd6 16. c4 dxc4 17. Nc3 f5 18. Bxc4 Rdf8 19. Rdg1 Kd7 20. g4 hxg4
21. hxg4 Ne7 22. Kd2 c6 23. Ke2 a5 24. Bb3 Bh2 25. Rc1 Rh4 26. Na4 Rfh8 27.
Nc5+ Kc7 28. gxf5 gxf5 29. d5 Be5 30. Rxh4 Rxh4 31. dxc6 Bxb2 32. Ne6+ Kc8 33.
cxb7+ Kb8 34. Rc5 Kxb7 35. Rc7+ 1-0

[Event "BPB Limburg open A"]
[Site "Maastricht"]
[Date "2014.06.06"]
[Round "1"]
[White "Arnelind, Mikael"]
[Black "Ducarmon, Renzo"]
[Result "1/2-1/2"]
[WhiteElo "2160"]
[BlackElo "2072"]
[PlyCount "85"]
[EventDate "2014.06.06"]
[EventType "swiss"]
[EventRounds "7"]
[EventCountry "NED"]
[Source "P.Boonen"]
[SourceDate "2014.10.10"]

1. d4 Nf6 2. c4 g6 3. Nc3 Bg7 4. e4 d6 5. h3 O-O 6. Be3 e5 7. d5 Na6 8. g4 Nc5
9. f3 a5 10. Qd2 Bd7 11. h4 h5 12. g5 Nh7 13. Bh3 f5 14. gxf6 Bxf6 15. Bxd7
Nxd7 16. Bf2 Nb6 17. Qh6 Qe8 18. b3 Bg7 19. Qd2 a4 20. Rb1 axb3 21. axb3 Rf7
22. Rh3 Nf8 23. Nb5 Qd8 24. Rc1 Kh7 25. Be3 Bf6 26. Qf2 Ra6 27. Rh2 c6 28. Nc3
Nfd7 29. Rd1 Ra3 30. Qb2 Ra6 31. dxc6 bxc6 32. Bf2 Qb8 33. Qc2 Nc8 34. Kf1 Nf8
35. Nh3 Ne6 36. Ne2 Rb7 37. Rd3 Ra3 38. Nc1 Nb6 39. Rg2 Nd7 40. Qd2 Be7 41.
Ng5+ Nxg5 42. hxg5 Nf8 43. f4 1/2-1/2

[Event "BPB Limburg open A"]
[Site "Maastricht"]
[Date "2014.06.06"]
[Round "1"]
[White "Beeke, Bob"]
[Black "Dambacher, Martijn"]
[Result "0-1"]
[WhiteElo "2255"]
[BlackElo "2491"]
[PlyCount "50"]
[EventDate "2014.06.06"]
[EventType "swiss"]
[EventRounds "7"]
[EventCountry "NED"]
[Source "P.Boonen"]
[SourceDate "2014.10.10"]
[WhiteClock "0:24:51"]
[BlackClock "0:18:16"]

1. Nf3 Nf6 2. c4 e6 3. Nc3 d5 4. d4 Be7 5. Bg5 h6 6. Bh4 O-O 7. e3 b6 8. cxd5
Nxd5 9. Bxe7 Qxe7 10. Nxd5 exd5 11. Be2 Be6 12. O-O Nd7 13. Qa4 c5 14. Qa3 Rfe8
15. dxc5 bxc5 16. Rac1 Rab8 17. b3 Bf5 18. Rfe1 Qe6 19. Red1 Rec8 20. Qa5 Be4
21. Ne1 c4 22. Qxa7 Ra8 23. Qd4 Rxa2 24. bxc4 Rxe2 25. cxd5 Rxc1 0-1

[Event "BPB Limburg open A"]
[Site "Maastricht"]
[Date "2014.06.06"]
[Round "1"]
[White "Bellens, Steven"]
[Black "Van Eetvelde, Ward"]
[Result "0-1"]
[WhiteElo "2013"]
[BlackElo "2123"]
[PlyCount "78"]
[EventDate "2014.06.06"]
[EventType "swiss"]
[EventRounds "7"]
[EventCountry "NED"]
[Source "P.Boonen"]
[SourceDate "2014.10.10"]

1. d4 d5 2. c4 dxc4 3. Nc3 a6 4. a4 e5 5. Nf3 exd4 6. Qxd4 Qxd4 7. Nxd4 c5 8.
Nc2 Be6 9. e4 Nc6 10. Nd5 Bxd5 11. exd5 Ne5 12. Bf4 Nd3+ 13. Bxd3 cxd3 14. Ne3
Ne7 15. Bc7 Kd7 16. Bg3 h5 17. h4 g6 18. Be5 Rg8 19. Kd2 Bh6 20. Kxd3 Bxe3 21.
Kxe3 Nxd5+ 22. Ke4 Kc6 23. Rhd1 Rge8 24. Rxd5 f5+ 25. Kf4 Kxd5 26. Rd1+ Kc4 27.
Rd6 Rad8 28. Rxg6 Rd5 29. Bc3 b5 30. Rxa6 b4 31. Bf6 Re2 32. f3 Rxg2 33. Re6
Kb3 34. a5 c4 35. a6 Rxb2 36. Bxb2 Kxb2 37. Ke3 c3 38. Rc6 c2 39. a7 Ra5 0-1

[Event "BPB Limburg open A"]
[Site "Maastricht"]
[Date "2014.06.06"]
[Round "1"]
[White "Berg, Emanuel"]
[Black "Wilschut, Peter"]
[Result "1-0"]
[WhiteElo "2547"]
[BlackElo "2258"]
[PlyCount "141"]
[EventDate "2014.06.06"]
[EventType "swiss"]
[EventRounds "7"]
[EventCountry "NED"]
[Source "P.Boonen"]
[SourceDate "2014.10.10"]
[WhiteClock "0:01:15"]
[BlackClock "0:00:52"]

1. e4 e6 2. d4 d5 3. Nc3 Nc6 4. e5 Nge7 5. Nf3 Nf5 6. Bb5 Be7 7. Ne2 Bd7 8. Bd3
Nb4 9. Bxf5 exf5 10. h4 h6 11. Nf4 Be6 12. c3 Nc6 13. h5 Qd7 14. Rh3 Na5 15.
Rg3 Rg8 16. b3 O-O-O 17. a4 Qc6 18. Qc2 Kb8 19. Ba3 Bxa3 20. Rxa3 Qd7 21. Ra1
Qe7 22. Ke2 Bc8 23. Rh1 b6 24. b4 Nc4 25. Nd2 Nxd2 26. Kxd2 Qd7 27. Ra1 a6 28.
Qd3 Ka7 29. a5 b5 30. Rh1 Qc6 31. Qc2 Qe8 32. Kc1 Qf8 33. Qd2 Qe8 34. Nd3 Qc6
35. Nc5 Rde8 36. Qf4 Kb8 37. Kb2 Ka7 38. Rh2 Kb8 39. Rh4 Re7 40. Rh1 Ree8 41.
Rc1 Re7 42. Re3 Rge8 43. Rh1 Ka7 44. Qh4 f6 45. f4 Rf8 46. Rhe1 Qe8 47. Qh3
fxe5 48. Rxe5 Rxe5 49. Rxe5 Qc6 50. Qf3 Rd8 51. Re7 Re8 52. Rxg7 Re4 53. Rg6
Be6 54. Rxh6 Qe8 55. Rxe6 Rxe6 56. Nxe6 Qxe6 57. Kc2 Qe1 58. g3 c6 59. Kd3 Kb7
60. Kc2 Kc7 61. h6 Qe6 62. Qh5 Qe4+ 63. Kb2 Qg2+ 64. Kb3 Qf1 65. Qf7+ Kb8 66.
Qxf5 Qh1 67. h7 Kb7 68. Qf7+ Kc8 69. Qf5+ Kc7 70. g4 Qd1+ 71. Qc2 1-0

[Event "BPB Limburg open A"]
[Site "Maastricht"]
[Date "2014.06.06"]
[Round "1"]
[White "Bezemer, Arno"]
[Black "Clemens, Adrian HP"]
[Result "0-1"]
[WhiteElo "2324"]
[BlackElo "2188"]
[PlyCount "144"]
[EventDate "2014.06.06"]
[EventType "swiss"]
[EventRounds "7"]
[EventCountry "NED"]
[Source "P.Boonen"]
[SourceDate "2014.10.10"]

1. d4 Nf6 2. c4 c5 3. d5 e6 4. Nc3 exd5 5. cxd5 d6 6. e4 g6 7. f4 Bg7 8. Nf3
O-O 9. Be2 Nbd7 10. e5 Ne8 11. O-O dxe5 12. d6 e4 13. Nxe4 Ndf6 14. Nxf6+ Bxf6
15. Be3 b6 16. Ne5 Nxd6 17. Bf3 Bb7 18. Bxb7 Nxb7 19. Qf3 Nd6 20. g4 Qc7 21.
Rad1 Rad8 22. Nc6 Rd7 23. f5 g5 24. Rc1 a5 25. b4 axb4 26. Nxb4 Nb5 27. Nd5 Qd8
28. Rfd1 Nd4 29. Nxf6+ Qxf6 30. Bxd4 Rxd4 31. Re1 Rf4 32. Qe2 Qd4+ 33. Kh1 Qd5+
34. Kg1 Qd4+ 35. Kh1 Rxg4 36. Rcd1 Qa4 37. h3 Qc6+ 38. Kh2 Rf4 39. Rf1 Re8 40.
Qh5 h6 41. Rxf4 gxf4 42. Qg4+ Kf8 43. Rg1 Re4 44. Qg2 f3 45. Qxf3 Qd6+ 46. Kh1
Qf4 47. Qxf4 Rxf4 48. Rb1 Rxf5 49. Rxb6 Rf2 50. Rc6 Rxa2 51. Rxc5 Kg7 52. Rc6
f6 53. Kg1 Kg6 54. Rc8 f5 55. Rg8+ Kf6 56. Kh1 h5 57. Kg1 h4 58. Kh1 Ke5 59.
Rb8 Rd2 60. Kg1 Ke4 61. Rb3 f4 62. Ra3 Rd3 63. Ra4+ Kf3 64. Ra8 Rd1+ 65. Kh2
Rd2+ 66. Kg1 Kg3 67. Rg8+ Kxh3 68. Rg7 Rd3 69. Rg8 Rg3+ 70. Kh1 Rg4 71. Ra8 f3
72. Ra7 Kg3 0-1

[Event "BPB Limburg open A"]
[Site "Maastricht"]
[Date "2014.06.06"]
[Round "1"]
[White "Bugel, Jeroen"]
[Black "Janssen, Ruud"]
[Result "0-1"]
[WhiteElo "2231"]
[BlackElo "2467"]
[PlyCount "84"]
[EventDate "2014.06.06"]
[EventType "swiss"]
[EventRounds "7"]
[EventCountry "NED"]
[Source "P.Boonen"]
[SourceDate "2014.10.10"]
[WhiteClock "0:00:31"]
[BlackClock "0:00:12"]

1. e4 e5 2. Nf3 Nc6 3. Nc3 Nf6 4. d4 Bb4 5. Nxe5 Qe7 6. Nxc6 Qxe4+ 7. Be2 Qxc6
8. O-O Bxc3 9. bxc3 O-O 10. c4 d5 11. Qd3 Be6 12. cxd5 Bxd5 13. c4 Be4 14. Qg3
Rfe8 15. Be3 Bg6 16. Rfc1 Ne4 17. Qf4 Re7 18. Bd1 Rae8 19. Bb3 Nf6 20. h3 Re4
21. Qg5 Qd7 22. Rd1 c6 23. Rac1 Ng4 24. hxg4 Rxg4 25. Qa5 Be4 26. Kf1 Rxg2 27.
Qh5 g6 28. Qh4 Bf3 29. Rd3 Re4 30. Qh6 Qf5 31. c5 Reg4 32. Bxf7+ Qxf7 33. Ke1
Rg1+ 34. Kd2 Qxa2+ 35. Rc2 Rd1+ 36. Kc3 Qa3+ 37. Kc4 Qa6+ 38. Kc3 Rxd3+ 39. Kb2
Qb5+ 40. Ka2 Qa4+ 41. Kb2 Qb3+ 42. Ka1 Qxc2 0-1

[Event "BPB Limburg open A"]
[Site "Maastricht"]
[Date "2014.06.06"]
[Round "1"]
[White "Carmeille, Ludovic"]
[Black "Voss, Gunther"]
[Result "1-0"]
[WhiteElo "2321"]
[BlackElo "2180"]
[PlyCount "67"]
[EventDate "2014.06.06"]
[EventType "swiss"]
[EventRounds "7"]
[EventCountry "NED"]
[Source "P.Boonen"]
[SourceDate "2014.10.10"]

1. e4 c5 2. Nf3 d6 3. d4 cxd4 4. Nxd4 Nf6 5. Nc3 a6 6. h3 e5 7. Nb3 Be7 8. f4
b5 9. a3 Bb7 10. Bd3 Nbd7 11. O-O Rc8 12. Qe2 h6 13. Be3 O-O 14. fxe5 dxe5 15.
Rf5 a5 16. Bxb5 Nxe4 17. Rd1 Bd6 18. Qd3 Ndf6 19. Rxf6 Rxc3 20. bxc3 Qxf6 21.
Nxa5 Ba8 22. Bc6 Bxc6 23. Nxc6 Qg6 24. a4 Kh8 25. a5 f5 26. Rf1 f4 27. Bb6 Rc8
28. Re1 Bc5+ 29. Bxc5 Qxc6 30. Bb6 Nxc3 31. Rxe5 Na4 32. Bd4 Qd7 33. Qe4 Rd8
34. c3 1-0

[Event "BPB Limburg open A"]
[Site "Maastricht"]
[Date "2014.06.06"]
[Round "1"]
[White "Commercon, Simon"]
[Black "Van Foreest, Jorden"]
[Result "0-1"]
[WhiteElo "2219"]
[BlackElo "2448"]
[PlyCount "143"]
[EventDate "2014.06.06"]
[EventType "swiss"]
[EventRounds "7"]
[EventCountry "NED"]
[Source "P.Boonen"]
[SourceDate "2014.10.10"]

1. d4 d5 2. c4 c6 3. Nf3 Nf6 4. Nc3 dxc4 5. Ne5 b5 6. a4 b4 7. Nb1 e6 8. e3 Bb7
9. Bxc4 Nbd7 10. Nd2 Bd6 11. Nxd7 Qxd7 12. e4 Bf4 13. Qe2 Bxd2+ 14. Bxd2 Qxd4
15. Bxb4 Qxe4 16. Qxe4 Nxe4 17. Rd1 Nf6 18. a5 Nd5 19. Bc5 a6 20. O-O f6 21.
Rd3 Rd8 22. f4 Kf7 23. Rfd1 Rd7 24. g3 h5 25. h4 Re8 26. Rb3 Red8 27. Re1 Bc8
28. Kf2 Re8 29. Re2 Rb7 30. Rxb7+ Bxb7 31. Bd4 Rg8 32. Rc2 Rd8 33. Bc5 Rd7 34.
Be2 g6 35. Bc4 e5 36. fxe5 fxe5 37. Re2 Kf6 38. Kg2 Ne7 39. Be3 e4 40. Kf2 Nd5
41. Bd4+ Kf5 42. Rd2 Kg4 43. Be2+ Kf5 44. Bf1 g5 45. Be3 g4 46. Bg2 Re7 47. Rc2
Nb4 48. Rd2 Nd3+ 49. Ke2 c5 50. Rc2 Bd5 51. Bd2 Bb3 52. Rc3 c4 53. Bg5 Re8 54.
Ke3 Nxb2 55. Rc1 Bd1 56. Bf1 Rc8 57. Kd4 Bb3 58. Bg2 Na4 59. Bxe4+ Ke6 60. Bb7
Rc7 61. Bxa6 c3 62. Bd3 c2 63. a6 Nc3 64. Bd2 Na2 65. Re1+ Kf7 66. Rf1+ Kg8 67.
Bc1 Nb4 68. Bg6 Nxa6 69. Bxh5 Rd7+ 70. Kc3 Rd1 71. Kxb3 Rxf1 72. Kxc2 0-1

[Event "BPB Limburg open A"]
[Site "Maastricht"]
[Date "2014.06.06"]
[Round "1"]
[White "Dardha, Arben"]
[Black "Fier, Alexandr"]
[Result "0-1"]
[WhiteElo "2284"]
[BlackElo "2580"]
[PlyCount "112"]
[EventDate "2014.06.06"]
[EventType "swiss"]
[EventRounds "7"]
[EventCountry "NED"]
[Source "P.Boonen"]
[SourceDate "2014.10.10"]

1. e4 c5 2. Nf3 e6 3. d4 cxd4 4. Nxd4 Nf6 5. Nc3 d6 6. Be2 Be7 7. O-O O-O 8.
Kh1 Nc6 9. f4 a6 10. a4 Bd7 11. Be3 Rc8 12. Qe1 Nb4 13. Qg3 Rxc3 14. bxc3 Nxe4
15. Qe1 Nd5 16. Bd2 Bh4 17. g3 Bf6 18. Bf3 Nxd2 19. Qxd2 Qa5 20. Rab1 Qxc3 21.
Qxc3 Nxc3 22. Rxb7 Bc8 23. Nb3 Bxb7 24. Bxb7 Nxa4 25. Bxa6 Ra8 26. Bd3 Nb2 27.
Bb5 Rc8 28. Ra1 g6 29. Ra6 d5 30. Rc6 Ra8 31. Rc7 Nd1 32. Kg2 Rb8 33. Ba4 Bd8
34. Rc6 Nb2 35. Bb5 Rxb5 36. Rc8 Rb4 37. Rxd8+ Kg7 38. Rc8 Re4 39. Rc7 Nc4 40.
Kf2 Kf6 41. Nc5 Rd4 42. Nd7+ Kg7 43. Nc5 Kf6 44. Ke1 h5 45. c3 Rd2 46. Nd7+ Kf5
47. Rxc4 Rxh2 48. Rc7 Rg2 49. c4 dxc4 50. Rc5+ Kg4 51. Ne5+ Kxg3 52. Rxc4 h4
53. Nxf7 h3 54. Rc3+ Kh4 55. Ng5 Rxg5 56. fxg5 h2 0-1

[Event "BPB Limburg open A"]
[Site "Maastricht"]
[Date "2014.06.06"]
[Round "1"]
[White "Dek, Lennart"]
[Black "Hausrath, Daniel"]
[Result "0-1"]
[WhiteElo "2256"]
[BlackElo "2521"]
[PlyCount "82"]
[EventDate "2014.06.06"]
[EventType "swiss"]
[EventRounds "7"]
[EventCountry "NED"]
[Source "P.Boonen"]
[SourceDate "2014.10.10"]
[WhiteClock "0:00:54"]
[BlackClock "0:09:50"]

1. e4 c5 2. Nf3 Nc6 3. d4 cxd4 4. Nxd4 g6 5. c4 Bg7 6. Nc2 Nf6 7. Nc3 O-O 8.
Be2 d6 9. O-O a5 10. Be3 a4 11. Qd2 Be6 12. Nd4 Nxd4 13. Bxd4 Qa5 14. Qe3 Nd7
15. Nd5 Bxd5 16. Bxg7 Kxg7 17. exd5 Rfe8 18. Rad1 b6 19. Rd4 Qc5 20. Rfd1 Nf6
21. h3 Ra7 22. R1d2 h5 23. Kh1 Rc7 24. Qg3 Qa5 25. Qe3 e5 26. dxe6 Rxe6 27. Qf3
Ne4 28. Rd1 Rce7 29. Rd5 Qa7 30. Bd3 Rf6 31. Bxe4 Rxf3 32. Bxf3 b5 33. cxb5
Qxf2 34. R5d2 Re1+ 35. Kh2 Qg1+ 36. Kg3 Qe3 37. Rxd6 h4+ 38. Kxh4 Qf4+ 39. Bg4
Rxd1 40. Rxd1 Qf2+ 41. Kg5 Qf6# 0-1

[Event "BPB Limburg open A"]
[Site "Maastricht"]
[Date "2014.06.06"]
[Round "1"]
[White "Driessens, Patrick"]
[Black "Nasshan, Dennis"]
[Result "1/2-1/2"]
[WhiteElo "2306"]
[BlackElo "2173"]
[PlyCount "41"]
[EventDate "2014.06.06"]
[EventType "swiss"]
[EventRounds "7"]
[EventCountry "NED"]
[Source "P.Boonen"]
[SourceDate "2014.10.10"]

1. d4 d5 2. Nf3 Nf6 3. c4 c6 4. e3 Bf5 5. Nc3 e6 6. Nh4 Bg4 7. Qb3 Qb6 8. h3
Bh5 9. g4 Bg6 10. Nxg6 hxg6 11. Bg2 Nbd7 12. Bd2 Be7 13. Rc1 O-O 14. f4 Rac8
15. c5 Qxb3 16. axb3 Ne8 17. e4 dxe4 18. Nxe4 Ndf6 19. Nc3 Nc7 20. Ra1 a6 21.
Ra4 1/2-1/2

[Event "BPB Limburg open A"]
[Site "Maastricht"]
[Date "2014.06.06"]
[Round "1"]
[White "Ducarmon, Quinten"]
[Black "Offringa, Joost"]
[Result "1-0"]
[WhiteElo "2483"]
[BlackElo "2253"]
[PlyCount "49"]
[EventDate "2014.06.06"]
[EventType "swiss"]
[EventRounds "7"]
[EventCountry "NED"]
[Source "P.Boonen"]
[SourceDate "2014.10.10"]

1. e4 d6 2. d4 Nf6 3. Nc3 g6 4. Bg5 Bg7 5. Qd2 h6 6. Bh4 O-O 7. f4 e5 8. Nf3
exf4 9. Bd3 g5 10. Bf2 Nc6 11. O-O-O Ng4 12. Bg1 Ne3 13. Bxe3 fxe3 14. Qxe3 g4
15. d5 gxf3 16. dxc6 bxc6 17. gxf3 Qf6 18. Rhg1 Kh8 19. f4 Rb8 20. Rd2 Qe6 21.
e5 f5 22. Rdg2 Rf7 23. Rg6 Qe7 24. e6 Bf8 25. Qxa7 1-0

[Event "BPB Limburg open A"]
[Site "Maastricht"]
[Date "2014.06.06"]
[Round "1"]
[White "Ernst, Sipke"]
[Black "Hamblok, Roel"]
[Result "1-0"]
[WhiteElo "2567"]
[BlackElo "2278"]
[PlyCount "89"]
[EventDate "2014.06.06"]
[EventType "swiss"]
[EventRounds "7"]
[EventCountry "NED"]
[Source "P.Boonen"]
[SourceDate "2014.10.10"]
[WhiteClock "0:16:35"]
[BlackClock "0:21:59"]

1. Nf3 d5 2. c4 e6 3. d4 Nf6 4. Nc3 Nbd7 5. Bg5 c6 6. e3 Qa5 7. Nd2 dxc4 8.
Bxf6 Nxf6 9. Nxc4 Qc7 10. Be2 Be7 11. O-O O-O 12. Bf3 Rd8 13. Qb3 Bd7 14. Rac1
Be8 15. Rfd1 Rac8 16. a4 b6 17. h3 Qb8 18. Rc2 b5 19. axb5 cxb5 20. Na5 b4 21.
Ne4 Rxc2 22. Nxf6+ Bxf6 23. Qxc2 Rc8 24. Qd2 Qb6 25. Ra1 Be7 26. Nb3 Bb5 27.
Be4 g6 28. g3 Rc7 29. Na5 Qb8 30. Bd3 Bf8 31. h4 h5 32. Qd1 Qb6 33. Qe2 Bxd3
34. Qxd3 Qb8 35. Nc4 b3 36. Nd2 Bd6 37. e4 e5 38. Nc4 Qb5 39. Nxe5 Qxd3 40.
Nxd3 Rc4 41. e5 Bf8 42. Rc1 Rc2 43. Kf1 a5 44. Rxc2 bxc2 45. Ke2 1-0

[Event "BPB Limburg open A"]
[Site "Maastricht"]
[Date "2014.06.06"]
[Round "1"]
[White "Esser, Norbert"]
[Black "Coenen, Michael"]
[Result "1/2-1/2"]
[WhiteElo "2175"]
[BlackElo "2318"]
[PlyCount "26"]
[EventDate "2014.06.06"]
[EventType "swiss"]
[EventRounds "7"]
[EventCountry "NED"]
[Source "P.Boonen"]
[SourceDate "2014.10.10"]

1. e4 c6 2. d4 d5 3. Nd2 dxe4 4. Nxe4 Bf5 5. Ng3 Bg6 6. Nf3 Nd7 7. h4 h6 8. h5
Bh7 9. Bd3 Bxd3 10. Qxd3 e6 11. Bd2 Ngf6 12. O-O-O Qc7 13. Qe2 Be7 1/2-1/2

[Event "BPB Limburg open A"]
[Site "Maastricht"]
[Date "2014.06.06"]
[Round "1"]
[White "Gijsen, Stief"]
[Black "Mollema, Thomas"]
[Result "0-1"]
[WhiteElo "2156"]
[BlackElo "2059"]
[PlyCount "84"]
[EventDate "2014.06.06"]
[EventType "swiss"]
[EventRounds "7"]
[EventCountry "NED"]
[Source "P.Boonen"]
[SourceDate "2014.10.10"]

1. d4 f5 2. Bg5 h6 3. Bh4 g5 4. e3 Nf6 5. Bg3 Bg7 6. h4 g4 7. h5 c5 8. c3 Qb6
9. Qc2 Ne4 10. Bf4 Nc6 11. Na3 cxd4 12. Nc4 Qc5 13. exd4 Bxd4 14. cxd4 Nxd4 15.
Qd3 Nb3 16. axb3 Qxf2+ 17. Kd1 Qxf4 18. Kc2 b5 19. Qd4 Qf2+ 20. Ne2 Qxd4 21.
Nxd4 bxc4 22. bxc4 O-O 23. Bd3 Bb7 24. Rhe1 e6 25. b4 Nf6 26. Nb5 Bxg2 27. Nxa7
Rfb8 28. Kc3 Nxh5 29. c5 Nf4 30. b5 h5 31. c6 dxc6 32. bxc6 Rb6 33. Bc4 Bxc6
34. Bxe6+ Nxe6 35. Rxe6 Rb7 36. Rxc6 Raxa7 37. Rf1 Rc7 38. Rxc7 Rxc7+ 39. Kd2
g3 40. Ke3 g2 41. Rg1 Rg7 42. Kf3 Kh7 0-1

[Event "BPB Limburg open A"]
[Site "Maastricht"]
[Date "2014.06.06"]
[Round "1"]
[White "Goudriaan, Etienne"]
[Black "Roggeveen, Pieter"]
[Result "0-1"]
[WhiteElo "2408"]
[BlackElo "2211"]
[PlyCount "60"]
[EventDate "2014.06.06"]
[EventType "swiss"]
[EventRounds "7"]
[EventCountry "NED"]
[Source "P.Boonen"]
[SourceDate "2014.10.10"]

1. d4 Nf6 2. c4 e6 3. Nc3 Bb4 4. e3 O-O 5. Bd3 c5 6. Nf3 b6 7. d5 Bb7 8. e4 b5
9. e5 bxc4 10. Bb1 Nxd5 11. Bxh7+ Kxh7 12. Ng5+ Kg8 13. Qh5 Qxg5 14. Bxg5 Nxc3
15. O-O Nd5 16. Rad1 Nc6 17. Rxd5 exd5 18. Bf6 Nxe5 19. Bxe5 Rac8 20. f4 f6 21.
Bd6 Rfe8 22. f5 c3 23. bxc3 Bxc3 24. Bxc5 d4 25. Bd6 d3 26. Qd1 d2 27. Qb3+ Kh8
28. Qxb7 Bd4+ 29. Kh1 Rc1 30. Qxd7 Rxf1# 0-1

[Event "BPB Limburg open A"]
[Site "Maastricht"]
[Date "2014.06.06"]
[Round "1"]
[White "Hansen, Victor"]
[Black "Ritsema, Ronald"]
[Result "1-0"]
[WhiteElo "2121"]
[BlackElo "2011"]
[PlyCount "47"]
[EventDate "2014.06.06"]
[EventType "swiss"]
[EventRounds "7"]
[EventCountry "NED"]
[Source "P.Boonen"]
[SourceDate "2014.10.10"]

1. d4 Nf6 2. c4 g6 3. Nc3 Bg7 4. e4 d6 5. Nf3 O-O 6. Bd3 Nc6 7. d5 Nb4 8. Bb1
a5 9. O-O e5 10. a3 Na6 11. b4 Bg4 12. b5 Nc5 13. h3 Bxf3 14. Qxf3 Nfd7 15. Ra2
f5 16. exf5 gxf5 17. Bxf5 e4 18. Nxe4 Ne5 19. Qh5 Rxf5 20. Qxf5 Qh4 21. Nxc5
dxc5 22. Re2 Re8 23. Bb2 Qxc4 24. Rxe5 1-0

[Event "BPB Limburg open A"]
[Site "Maastricht"]
[Date "2014.06.06"]
[Round "1"]
[White "Helmer, Christoph"]
[Black "Senders, Mischa"]
[Result "0-1"]
[WhiteElo "2069"]
[BlackElo "2159"]
[PlyCount "108"]
[EventDate "2014.06.06"]
[EventType "swiss"]
[EventRounds "7"]
[EventCountry "NED"]
[Source "P.Boonen"]
[SourceDate "2014.10.10"]

1. d4 Nf6 2. c4 c5 3. d5 b5 4. cxb5 g6 5. Nc3 a6 6. e4 d6 7. bxa6 Bg7 8. Bb5+
Nbd7 9. Qe2 O-O 10. Nf3 Qa5 11. O-O Bxa6 12. Bd2 Rfb8 13. a4 Ne8 14. Qe1 Ne5
15. Nxe5 Bxe5 16. Ne2 Qb6 17. Bxa6 Qxa6 18. Bc3 Bxc3 19. bxc3 Qc4 20. Ng3 Rxa4
21. Rxa4 Qxa4 22. Qe3 Qc4 23. Rc1 Nf6 24. h3 Kg7 25. Ra1 h6 26. Ra7 Rb3 27.
Rxe7 Qxc3 28. Qxc3 Rxc3 29. Kf1 h5 30. Ke2 h4 31. Nf1 Kf8 32. Rc7 Nxe4 33. Ne3
Rb3 34. f3 Nf6 35. Ra7 Nh5 36. Rd7 Nf4+ 37. Kf2 Nd3+ 38. Ke2 Ne5 39. Ra7 Rb2+
40. Kf1 Rb4 41. Ke2 Rd4 42. Nd1 Rxd5 43. Nc3 Rd3 44. Nb5 c4 45. Rc7 Rd5 46. Na3
Rc5 47. Rxc5 dxc5 48. f4 Nc6 49. Nxc4 Ke7 50. Nd2 Ke6 51. Ke3 Nd4 52. Ke4 f5+
53. Kd3 Kd5 54. Nc4 Ne6 0-1

[Event "BPB Limburg open A"]
[Site "Maastricht"]
[Date "2014.06.06"]
[Round "1"]
[White "Hovhanisian, Mher"]
[Black "Maisuradze, Nino"]
[Result "0-1"]
[WhiteElo "2520"]
[BlackElo "2255"]
[PlyCount "122"]
[EventDate "2014.06.06"]
[EventType "swiss"]
[EventRounds "7"]
[EventCountry "NED"]
[Source "P.Boonen"]
[SourceDate "2014.10.10"]

1. e4 c5 2. c3 d5 3. exd5 Qxd5 4. d4 g6 5. Nf3 Bg7 6. Na3 cxd4 7. Nb5 Na6 8.
Be3 Nf6 9. Bxd4 O-O 10. Be2 Bg4 11. c4 Qe4 12. O-O Rfd8 13. h3 e5 14. Nc3 Bxf3
15. Nxe4 Bxe4 16. Bxe5 Rxd1 17. Rfxd1 Re8 18. f4 Nb4 19. Rd6 Nh5 20. Bxg7 Nxg7
21. Rd2 Ne6 22. g3 h5 23. Bf1 Nc2 24. Rc1 Ncd4 25. Kf2 h4 26. gxh4 Nf5 27. Re1
Nxf4 28. Rd7 Re6 29. c5 Bc6 30. Rxe6 Nxe6 31. Rd1 Nxc5 32. b4 Ne4+ 33. Kg1 a6
34. Rd8+ Kg7 35. Rc8 Nd4 36. Bg2 Nc3 37. a3 Bxg2 38. Kxg2 Ncb5 39. a4 Nd6 40.
Rd8 N4f5 41. Kf3 Nxh4+ 42. Kf4 Nhf5 43. Ke5 Nc4+ 44. Ke4 Kf6 45. a5 Ke6 46. Rb8
Ncd6+ 47. Kd3 Ne7 48. Kc3 Nec8 49. Kd4 f5 50. Ke3 Kd7 51. b5 Kc7 52. Ra8 Nxb5
53. Kf4 Nbd6 54. h4 Nf7 55. Kf3 b6 56. Rxa6 Kb7 57. Rxb6+ Nxb6 58. axb6 Kxb6
59. Kf4 Kc6 60. h5 gxh5 61. Kxf5 Kd6 0-1

[Event "BPB Limburg open A"]
[Site "Maastricht"]
[Date "2014.06.06"]
[Round "1"]
[White "Jablonowski, Christoph"]
[Black "Van de Perre, Tom"]
[Result "1/2-1/2"]
[WhiteElo "2010"]
[BlackElo "2121"]
[PlyCount "87"]
[EventDate "2014.06.06"]
[EventType "swiss"]
[EventRounds "7"]
[EventCountry "NED"]
[Source "P.Boonen"]
[SourceDate "2014.10.10"]

1. Nf3 f5 2. c4 Nf6 3. Nc3 g6 4. g3 Bg7 5. Bg2 d6 6. d4 O-O 7. O-O c6 8. d5 e5
9. dxe6 Bxe6 10. Qd3 Na6 11. Ng5 Re8 12. Nxe6 Rxe6 13. Rb1 Nc5 14. Qc2 a5 15.
Be3 Nfe4 16. Nxe4 Nxe4 17. Rfd1 Qe7 18. Bd4 Bxd4 19. Rxd4 Nc5 20. e3 Qc7 21.
Rbd1 Rd8 22. g4 fxg4 23. Rxg4 Qg7 24. h4 Nd7 25. Qd2 Rf8 26. Rd4 Ne5 27. f4 Ng4
28. Re4 Rxe4 29. Bxe4 Qe7 30. Bf3 Qxh4 31. Bxg4 Qxg4+ 32. Kf2 Qh4+ 33. Ke2 Qh2+
34. Kf3 Qh5+ 35. Kf2 Qh2+ 36. Kf3 Qxd2 37. Rxd2 Rf6 38. Rd3 g5 39. Rb3 gxf4 40.
exf4 Rf7 41. Ke4 Kg7 42. Ra3 Kf6 43. Rxa5 Re7+ 44. Kf3 1/2-1/2

[Event "BPB Limburg open A"]
[Site "Maastricht"]
[Date "2014.06.06"]
[Round "1"]
[White "L'Ami, Alina"]
[Black "Blom, Vincent"]
[Result "1/2-1/2"]
[WhiteElo "2444"]
[BlackElo "2213"]
[PlyCount "105"]
[EventDate "2014.06.06"]
[EventType "swiss"]
[EventRounds "7"]
[EventCountry "NED"]
[Source "P.Boonen"]
[SourceDate "2014.10.10"]

1. d4 Nf6 2. c4 g6 3. Nc3 d5 4. cxd5 Nxd5 5. Bd2 Bg7 6. e4 Nxc3 7. Bxc3 O-O 8.
Qd2 b6 9. Nf3 Bb7 10. Bd3 Nd7 11. O-O e6 12. Rad1 c5 13. Qe3 Qe7 14. Bb5 Rad8
15. Rfe1 a6 16. Bd3 cxd4 17. Nxd4 Nc5 18. Bc2 Qc7 19. e5 Bd5 20. a3 Qb7 21. f3
Rc8 22. Ne2 Rfd8 23. Bd4 Nd7 24. Nc3 Bc6 25. b4 Qb8 26. f4 Ba8 27. Rd2 Bf8 28.
Red1 a5 29. bxa5 bxa5 30. Ne4 Bxe4 31. Bxe4 Nc5 32. Rb1 Qc7 33. Bf3 a4 34. Rc1
Qa5 35. Bc3 Qb5 36. Rxd8 Rxd8 37. Bb4 Nb3 38. Be2 Qe8 39. Rc4 Bxb4 40. Rxb4 Qc6
41. h4 h5 42. Kh2 Qc2 43. Rc4 Qd2 44. Qxd2 Rxd2 45. Bf3 Ra2 46. Rxa4 Nd2 47.
Kg3 Kg7 48. Ra7 Nc4 49. a4 Ra3 50. Kf2 Ra2+ 51. Kg3 Ra3 52. Kh2 Ra1 53. Be2
1/2-1/2